LEADER 01636nam 2200421 a 450 001 9910692694403321 005 20040729094306.0 035 $a(CKB)5470000002354516 035 $a(OCoLC)56051548 035 9 $aocm56051548 035 $a(OCoLC)995470000002354516 035 $a(EXLCZ)995470000002354516 100 $a20040729d2004 ua 0 101 0 $aeng 135 $aurmn|||||| 181 $ctxt$2rdacontent 182 $cc$2rdamedia 183 $acr$2rdacarrier 200 10$aHomeland security$b[electronic resource] $efederal leadership and intergovernmental cooperation required to achieve first responder interoperable communications : report to congressional requesters 210 1$a[Washington, D.C.] :$cU.S. Governmental Accountability Office,$d[2004] 300 $aTitle from title screen (viewed on July 23, 2004). 300 $a"July 2004." 300 $aPaper version available from: U.S. Government Accountability Office, 441 G St., NW, Rm. LM, Washington, D.C. 20548. 300 $a"GAO-04-740." 320 $aIncludes bibliographical references. 517 $aHomeland security 606 $aWireless communication systems$zUnited States$xEvaluation 606 $aIntergovernmental cooperation$zUnited States$xEvaluation 606 $aNational security$zUnited States$xEvaluation 615 0$aWireless communication systems$xEvaluation. 615 0$aIntergovernmental cooperation$xEvaluation. 615 0$aNational security$xEvaluation. 801 0$bGPO 801 1$bGPO 906 $aBOOK 912 $a9910692694403321 996 $aHomeland Security$91686681 997 $aUNINA